000 00414nab a22001097u 4500
008 130520b2007 xxu||||| |||| 00| 0 spa d
041 _aspa
100 1 _aRodríguez Campos, William
_977903
245 0 0 _aEducar para la paz y la solidaridad desde el contexto de la familia venezolana (conferencia)
_cWilliam Rodríguez Campos
773 0 _tAnthropos
_gV.28, nº1-2,2007,págs. 171-176
_x0254-1629
_wRev38
942 _cAR
999 _c409866
_d409866